000 00403nam a2200145Ia 4500
008 230917s9999||||xx |||||||||||||| ||und||
040 _e120856
_aMAIN
041 _aEnglish
082 _a954.5 G869S
100 _aGrewal, J. S.
245 0 _aSocial and cultural history of the Punjab: Prehistoric ancient and early medieval
260 _aNew York
_bManohar
_c2004
300 _a185p. p.
942 _cBK
999 _c139936
_d139936